000 00522 a2200193 4500
005 20260312113006.0
008 260311b |||||||| |||| 00| 0 eng d
020 _a9781032781273
_cRs. 1795.00
040 _aMAIN
082 _a658.408
_bB467S
100 _aBeurge, Constant
245 _aSocial entrepreneurship: Managing the creation of social value
260 _bRoutledge
_c2025
_aNew York
300 _axiii, 315
650 _aManagement
650 _aEntrepreneurship
650 _aProduction
942 _cBK
999 _c396887
_d396887